MARC

LEADER 00000nab a2200000 ar4500
001 vtls011622512
003 SK-MaSNL
005 20260303230949.0
008 170407c2017 xo sr|p|||||||000 b|slo
038 |a PPPK 
040 |a PPPKCL  |b slo  |c PPPKCL  |e AACR2 
041 0 |a slo 
044 |a xo  |c SK 
080 |a 373.5  |x (437.6)  |2 2011 
080 |a 745/749  |2 2011 
080 |a 394.1/.2  |2 2011 
100 1 |a Sedláčiková, Emília  |4 aut  |9 1088001 
245 1 0 |a Tu sa festival študentstva už začal  |c Emília Sedláčiková 
300 |b Fotogr. 
610 2 7 |a Súkromná stredná odborná škola, Biela voda (Kežmarok, Slovensko)  |2 pppkcl  |9 1045882 
611 2 7 |a Festival študentského remesla  |n (5. :  |d 2017 :  |c Kežmarok, Slovensko)  |2 pppkcl  |9 1265403 
648 7 |a 9.6.2017  |2 pppkcl  |9 1265404 
650 0 7 |a stredné odborné školy  |2 pppkcl  |9 67892 
650 0 7 |a umelecké remeslá  |2 pppkcl  |9 3094 
650 0 7 |a festivaly  |2 pppkcl  |9 3406 
651 7 |a Kežmarok (Slovensko)  |2 pppkcl  |9 26808 
773 0 |t Noviny Kežmarok : kultúrno-spoločenský mesačník mesta  |g Roč. 2, č. 4 (2017), s. 18  |x 2453-7608 
852 |a PPPK  |b KIS3GCP 
856 4 1 |u http://www.kezmarok.sk/obcan/clanky/noviny_kezmarok_archiv-156.htm 
999 |c 2264483  |d 2266413